Pflanzenfamilien - Statistics

General Stats
  • This quiz has been taken 3 times
  • The average score is 8 of 55
Answer Stats
Hint Answer % Correct
Betulae folium Betulaceae
67%
Quercus cortex Fagaceae
67%
Malvae sylvestris flos Malvaceae
67%
Anisi fructus Apiaceae
33%
Foeniculi fructus Apiaceae
33%
Calendulae flos Asteraceae
33%
Lupuli flos Cannabaceae
33%
Equiseti herba Equisetaceae
33%
Uvae-ursi folium Ericaceae
33%
Sennae foliolum/fructus Fabaceae
33%
Gentianae radix Gentianaceae
33%
Lavendulae flos Lamiaceae
33%
Melissae folium Lamiaceae
33%
Menthae piperitae folium Lamiaceae
33%
Salviae folium Lamiaceae
33%
Thymi herba Lamiaceae
33%
Lini semen Linaceae
33%
Passiflorae herba Passifloraceae
33%
Plantaginis lanceolate folium Plantaginaceae
33%
Rhei radix Polygonaceae
33%
Primulae radix Primulaceae
33%
Frangulae cortex Rhamnaceae
33%
Sambuci flos Adoxaceae
0%
Carvi fructus Apiaceae
0%
Hederae folium Araliaceae
0%
Absinthii herba Asteraceae
0%
Arnicae flos Asteraceae
0%
Farfarae folium Asteraceae
0%
Matricariae flos Asteraceae
0%
Millefolii herba Asteraceae
0%
Sylibi mariani fructus Asteraceae
0%
Solidaginis herba Asteraceae
0%
Taraxaci herba cum radice Asteraceae
0%
Valerianae radix Caprifoliaceae
0%
Myrtilli fructus siccus Ericaceae
0%
Liquiritae radix Fabaceae
0%
Ononidis radix Fabaceae
0%
Hyperici herba Hyperiaceae
0%
Orthosiphonis folium Lamiaceae
0%
Rosmarini folium Lamiaceae
0%
Althaeae radix Malvaceae
0%
Tiliae flos Malvaceae
0%
Eucalypti folium Myrtaceae
0%
Lichen islandicus Parmeliaceae
0%
Harpagophyti radix Pedaliaceae
0%
Psylli semen Plantaginaceae
0%
Craetagi folium cum flore Rosaceae
0%
Tormentillae rhizoma Rosaceae
0%
Aurantii amari ep. et meso. Rutaceae
0%
Salicis cortex Salicaceae
0%
Verbasci flos Scrophulariaceae
0%
Capsici fructus acer Solanaceae
0%
Urticae radix/folium Urticaceae
0%
Curcumae l/z rhizoma Zingiberaceae
0%
Zingiberis rhizoma Zingiberaceae
0%
No matching quizzes found
Score Distribution
Percent of People with Each Score
Percentile by Number Answered
Your Score History
You have not taken this quiz